[Event "Moravia-Silesia Region-chT 2223"]
[Site "Czech Republic"]
[Date "2022.11.13"]
[Round "3"]
[White "Baier, Pavel"]
[Black "Horvath, Tomas"]
[Result "1/2-1/2"]
[WhiteElo "2075"]
[BlackElo "2020"]
[PlyCount "35"]
[EventDate "2022.10.09"]
[EventType "team-tourn"]
[EventRounds "11"]
[EventCountry "CZE"]
[SourceTitle "EXT 2024"]
[Source "ChessBase"]
[SourceDate "2023.10.10"]
[SourceVersion "1"]
[SourceVersionDate "2023.10.10"]
[SourceQuality "1"]
[WhiteTeam "Havirov Banik"]
[BlackTeam "Orlova Slavia III"]
[WhiteTeamCountry "CZE"]
[BlackTeamCountry "CZE"]

1. e4 e5 2. Nf3 Nc6 3. Bb5 a6 4. Bxc6 dxc6 5. d4 exd4 6. Qxd4 Qxd4 7. Nxd4 c5 8. Ne2 Bd7 9. Bf4 0-0-0 10. Nbc3 Bc6 11. 0-0 Nf6 12. f3 Be7 13. Rfd1 h6 14. Rxd8+ Rxd8 15. Rd1 Nh5 16. Rxd8+ Kxd8 17. Be3 g5 18. g4 1/2-1/2

[Event "Stare Mesto op"]
[Site "Stare Mesto"]
[Date "2022.08.18"]
[Round "7"]
[White "Husek, Martin"]
[Black "Horvath, Tomas"]
[Result "1-0"]
[WhiteElo "2192"]
[BlackElo "2018"]
[PlyCount "79"]
[EventDate "2022.08.12"]
[EventType "swiss"]
[EventRounds "9"]
[EventCountry "CZE"]
[SourceTitle "CBM 209 Extra"]
[Source "ChessBase"]
[SourceDate "2022.09.30"]
[SourceVersion "1"]
[SourceVersionDate "2022.09.30"]
[SourceQuality "1"]

1. d4 Nf6 2. c4 e6 3. Nc3 Bb4 4. e3 b6 5. Nge2 Bb7 6. a3 Be7 7. d5 exd5 8. cxd5 0-0 9. g3 d6 10. Bg2 Nbd7 11. 0-0 Re8 12. Nd4 Bf8 13. Nc6 Bxc6 14. dxc6 Ne5 15. f4 Neg4 16. e4 d5 17. e5 Bc5+ 18. Kh1 Nf2+ 19. Rxf2 Bxf2 20. Qf1 d4 21. Nd1 Ng4 22. Nxf2 Ne3 23. Bxe3 dxe3 24. Ne4 Qd4 25. Qe2 Rad8 26. Re1 f6 27. Nc3 fxe5 28. f5 Qd2 29. Qxe3 Qxb2 30. Nd5 e4 31. Nxc7 Rd2 32. Rg1 Re5 33. Ne6 Rxf5 34. c7 Rc2 35. Qxe4 Rff2 36. Qa8+ Kf7 37. c8Q Rxc8 38. Qxc8 Rxg2 39. Ng5+ Ke7 40. Rxg2 1-0

[Event "CZE-chT1E 2122"]
[Site "Czech Republic"]
[Date "2022.03.26"]
[Round "10.6"]
[White "Musil, Vitezslav"]
[Black "Horvath, Tomas"]
[Result "1/2-1/2"]
[WhiteElo "1880"]
[BlackElo "2101"]
[PlyCount "43"]
[EventDate "2021.10.09"]
[EventType "team-tourn"]
[EventRounds "11"]
[EventCountry "CZE"]
[SourceTitle "EXT 2023"]
[Source "ChessBase"]
[SourceDate "2022.10.05"]
[SourceVersion "1"]
[SourceVersionDate "2022.10.05"]
[SourceQuality "1"]
[WhiteTeam "Grygov Proclient"]
[BlackTeam "Orlova Slavia"]
[WhiteTeamCountry "CZE"]
[BlackTeamCountry "CZE"]

1. e4 e5 2. Nf3 Nc6 3. Bb5 a6 4. Ba4 Nf6 5. d3 b5 6. Bb3 Be7 7. c3 d5 8. Nbd2 0-0 9. h3 Bb7 10. 0-0 dxe4 11. dxe4 Bd6 12. Re1 Na5 13. Bc2 c5 14. Nf1 Qc7 15. Ng3 Rad8 16. Qe2 Bc8 17. Bg5 Be7 18. b3 b4 19. cxb4 cxb4 20. Rac1 Nc6 21. Bb1 Qb7 22. Nf5 1/2-1/2

[Event "CZE-ch Amateur"]
[Site "Luhacovice"]
[Date "2022.03.15"]
[Round "5"]
[White "Kulhanek, Jachym"]
[Black "Horvath, Tomas"]
[Result "0-1"]
[WhiteElo "1951"]
[BlackElo "2079"]
[PlyCount "104"]
[EventDate "2022.03.12"]
[EventType "swiss"]
[EventRounds "9"]
[EventCountry "CZE"]
[SourceTitle "EXT 2023"]
[Source "ChessBase"]
[SourceDate "2022.10.05"]
[SourceVersion "1"]
[SourceVersionDate "2022.10.05"]
[SourceQuality "1"]

1. e4 e5 2. Nf3 Nc6 3. Bb5 a6 4. Ba4 Nf6 5. 0-0 b5 6. Bb3 Be7 7. Re1 0-0 8. h3 d6 9. c3 Na5 10. Bc2 c5 11. d4 cxd4 12. cxd4 Qc7 13. Nbd2 Bd7 14. Nf1 Rac8 15. Ne3 Nc6 16. d5 Nb4 17. Bb1 a5 18. a3 Na6 19. Bd2 Nc5 20. Nf1 Na4 21. Qb3 Qc4 22. Qa2 Qxa2 23. Rxa2 Bd8 24. b4 Nc3 25. Rb2 Bb6 26. Bd3 h6 27. Rc2 axb4 28. axb4 Na4 29. Rxc8 Rxc8 30. Rc1 Rxc1 31. Bxc1 Nc3 32. Ng3 Nd1 33. Nh1 g5 34. g4 h5 35. Bxg5 hxg4 36. Bxf6 gxf3 37. Be7 Bc7 38. Ng3 Nc3 39. Nh5 f5 40. exf5 e4 41. Bc2 Bxf5 42. Bb3 Bb6 43. Bg5 Ne2+ 44. Kf1 Bxh3+ 45. Ke1 Bd4 46. Nf6+ Bxf6 47. Bxf6 Nf4 48. Bc2 Bf5 49. Bd1 Nd3+ 50. Kd2 Nxf2 51. Bxf3 exf3 52. Ke3 Ng4+ 0-1

[Event "CZE-chT2F 2122"]
[Site "Czech Republic"]
[Date "2022.01.30"]
[Round "7.4"]
[White "Horvath, Tomas"]
[Black "Podlesny, Pavel"]
[Result "1/2-1/2"]
[WhiteElo "2095"]
[BlackElo "2029"]
[PlyCount "84"]
[EventDate "2021.10.17"]
[EventType "team-tourn"]
[EventRounds "11"]
[EventCountry "CZE"]
[SourceTitle "EXT 2024"]
[Source "ChessBase"]
[SourceDate "2023.10.10"]
[SourceVersion "1"]
[SourceVersionDate "2023.10.10"]
[SourceQuality "1"]
[WhiteTeam "Orlova Slavia II"]
[BlackTeam "Havirov Banik"]
[WhiteTeamCountry "CZE"]
[BlackTeamCountry "CZE"]

1. e4 e6 2. d4 d5 3. Nd2 Nf6 4. e5 Nfd7 5. Bd3 c5 6. c3 b6 7. Qg4 Ba6 8. Bxa6 Nxa6 9. Ne2 cxd4 10. cxd4 Nb4 11. 0-0 g6 12. Nb3 a5 13. Bg5 Be7 14. Bxe7 Qxe7 15. a3 Na6 16. Rac1 0-0 17. h4 f5 18. exf6 Nxf6 19. Qg5 Qd6 20. Nd2 Nh5 21. g3 Rac8 22. Kg2 Nb8 23. Nf3 Nd7 24. Qe3 b5 25. Ng5 e5 26. dxe5 Qxe5 27. Qxe5 Nxe5 28. Ne6 Rfe8 29. Nc7 Nd3 30. Nxe8 Nxc1 31. Rxc1 Rxe8 32. Nd4 Nf6 33. Rc5 Re4 34. Nxb5 Re2 35. Nc3 Rxb2 36. Nxd5 Ne4 37. Rc8+ Kf7 38. Kf3 Nd2+ 39. Ke3 Nf1+ 40. Kf3 Nd2+ 41. Ke3 Nf1+ 42. Kf3 Nd2+ 1/2-1/2

[Event "CZE-chT2F 2122"]
[Site "Czech Republic"]
[Date "2022.01.16"]
[Round "6.4"]
[White "Laurincova, Kristyna"]
[Black "Horvath, Tomas"]
[Result "1-0"]
[WhiteElo "2066"]
[BlackElo "2095"]
[PlyCount "87"]
[EventDate "2021.10.17"]
[EventType "team-tourn"]
[EventRounds "11"]
[EventCountry "CZE"]
[SourceTitle "EXT 2024"]
[Source "ChessBase"]
[SourceDate "2023.10.10"]
[SourceVersion "1"]
[SourceVersionDate "2023.10.10"]
[SourceQuality "1"]
[WhiteTeam "Frydek Mistek III"]
[BlackTeam "Orlova Slavia II"]
[WhiteTeamCountry "CZE"]
[BlackTeamCountry "CZE"]

1. e4 e6 2. d4 d5 3. Nd2 a6 4. Ngf3 c5 5. exd5 exd5 6. dxc5 Bxc5 7. Nb3 Bb6 8. Bd3 Nf6 9. 0-0 0-0 10. h3 h6 11. Bf4 Nc6 12. c3 Ne4 13. Qc2 Bf5 14. Rae1 Rc8 15. Qb1 Qf6 16. Be3 Bc7 17. Nbd4 Bg6 18. a3 Rfe8 19. Qd1 Na5 20. Ne2 Bh5 21. Nfd4 Qd6 22. f4 Ng3 23. Nf5 Bxe2 24. Nxd6 Bxd1 25. Nxe8 Nxf1 26. Nxc7 Nxe3 27. Rxe3 Bb3 28. Ne8 Rd8 29. Nd6 g6 30. Ne8 h5 31. f5 Ba4 32. Nc7 g5 33. f6 d4 34. Re5 Nc6 35. Rxg5+ Kh8 36. Rxh5+ Kg8 37. Bh7+ Kh8 38. Bc2+ Kg8 39. Bxa4 d3 40. Nd5 b5 41. Bd1 Re8 42. Kf2 d2 43. Ne7+ Nxe7 44. Re5 1-0

[Event "CZE-chT2F 2122"]
[Site "Czech Republic"]
[Date "2021.11.21"]
[Round "3.4"]
[White "Horvath, Tomas"]
[Black "Slanina, Miroslav"]
[Result "0-1"]
[WhiteElo "2098"]
[BlackElo "2114"]
[PlyCount "96"]
[EventDate "2021.10.17"]
[EventType "team-tourn"]
[EventRounds "11"]
[EventCountry "CZE"]
[SourceTitle "EXT 2024"]
[Source "ChessBase"]
[SourceDate "2023.10.10"]
[SourceVersion "1"]
[SourceVersionDate "2023.10.10"]
[SourceQuality "1"]
[WhiteTeam "Orlova Slavia II"]
[BlackTeam "Dobra Sokol"]
[WhiteTeamCountry "CZE"]
[BlackTeamCountry "CZE"]

1. e4 c6 2. d4 d5 3. f3 e6 4. Nc3 Bb4 5. Nge2 Ne7 6. Ng3 c5 7. a3 Ba5 8. dxc5 d4 9. b4 dxc3 10. bxa5 Qxa5 11. Qd4 0-0 12. Qb4 Qxb4 13. axb4 Nbc6 14. Ba3 Rd8 15. Bd3 Nd4 16. Ne2 Nxe2 17. Kxe2 Nc6 18. Rhd1 Nd4+ 19. Kf2 e5 20. b5 Bd7 21. Rab1 Rac8 22. Rb4 Ne6 23. Ra4 Nxc5 24. Bxc5 Rxc5 25. Rxa7 Rb8 26. Be2 Be8 27. Rd5 Rxd5 28. exd5 Kf8 29. b6 Ke7 30. Ba6 Kd6 31. Rxb7 Rxb7 32. Bxb7 Kc5 33. Bc8 Kxb6 34. Ke3 Kc5 35. Bb7 f6 36. Kd3 Kb4 37. Bc6 Bg6+ 38. Ke2 Kc5 39. Ba4 Kxd5 40. Ke3 Kc5 41. g4 Kb4 42. Bb3 Ka3 43. Ke2 Kb2 44. Kd1 h5 45. Ba4 hxg4 46. fxg4 Be4 47. h3 Bf3+ 48. Ke1 Kc1 0-1

[Event "Stare Mesto op"]
[Site "Stare Mesto"]
[Date "2021.08.17"]
[Round "5"]
[White "Horvath, Tomas"]
[Black "Husek, Martin"]
[Result "1-0"]
[WhiteElo "2080"]
[BlackElo "2241"]
[PlyCount "63"]
[EventDate "2021.08.13"]
[EventType "swiss"]
[EventRounds "9"]
[EventCountry "CZE"]
[SourceTitle "CBM 203 Extra"]
[Source "ChessBase"]
[SourceDate "2021.09.30"]
[SourceVersion "1"]
[SourceVersionDate "2021.09.30"]
[SourceQuality "1"]

1. e4 c5 2. c3 Nf6 3. e5 Nd5 4. Nf3 e6 5. d4 cxd4 6. cxd4 b6 7. Nc3 Nxc3 8. bxc3 Qc7 9. Bd2 d6 10. Bd3 Bb7 11. 0-0 Nd7 12. Ng5 dxe5 13. Qh5 g6 14. Qh3 Be7 15. Rae1 Bd5 16. f4 f5 17. c4 Bxc4 18. Rc1 b5 19. Nxe6 Qb6 20. Bxf5 Nf8 21. Ng7+ Kf7 22. fxe5 Kxg7 23. Bh6+ Kg8 24. Rxc4 gxf5 25. Rcc1 Qxd4+ 26. Kh1 Qd5 27. Qxf5 Qe6 28. Qe4 Qxh6 29. Qxa8 Kg7 30. Qe8 Qe6 31. Rc6 Ng6 32. Qxh8+ 1-0

[Event "Bohumin op 4th"]
[Site "Bohumin"]
[Date "2021.07.07"]
[Round "5"]
[White "Horvath, Tomas"]
[Black "Tymrakiewicz, Rafal"]
[Result "0-1"]
[WhiteElo "2041"]
[BlackElo "2236"]
[PlyCount "170"]
[EventDate "2021.07.03"]
[EventType "swiss"]
[EventRounds "9"]
[EventCountry "CZE"]
[SourceTitle "CBM 203 Extra"]
[Source "ChessBase"]
[SourceDate "2021.09.30"]
[SourceVersion "1"]
[SourceVersionDate "2021.09.30"]
[SourceQuality "1"]

1. e4 d5 2. exd5 Nf6 3. Nc3 Nxd5 4. Bc4 e6 5. Qf3 Nb4 6. Bb3 N8c6 7. Nge2 Na5 8. Ba4+ Bd7 9. a3 Nd5 10. Bxd7+ Qxd7 11. Nxd5 exd5 12. 0-0 0-0-0 13. d4 Bd6 14. Ng3 Bxg3 15. fxg3 f6 16. Qc3 b6 17. Qd3 Rde8 18. Bd2 Nc4 19. b3 Nxd2 20. Qxd2 Re6 21. Rae1 Rhe8 22. a4 a5 23. Rxe6 Qxe6 24. Qd3 Kb7 25. h3 h6 26. Qf3 c6 27. Qd3 Re7 28. Qf3 Qd6 29. Rd1 Re4 30. Kf2 Qe6 31. g4 Qd6 32. g3 Qb4 33. Qd3 g6 34. Qd2 Qf8 35. Kg2 Qe7 36. Kf2 h5 37. gxh5 gxh5 38. Re1 f5 39. Rxe4 Qxe4 40. Qd3 Kc7 41. Qd2 Kd7 42. c4 h4 43. gxh4 Qxh4+ 44. Kg2 f4 45. Qd3 Qg5+ 46. Kf2 Kd6 47. Qf3 Qf5 48. cxd5 cxd5 49. Qc3 Qb1 50. Kf3 Qf5 51. Kf2 Qg6 52. Qf3 Qc2+ 53. Qe2 Qf5 54. Qf3 Qc2+ 55. Qe2 Qf5 56. Qf3 Kc6 57. h4 Qf6 58. h5 Qxd4+ 59. Kg2 Qf6 60. Kh3 Qe6+ 61. Kh4 Qf5 62. Qg4 Qf6+ 63. Kh3 Qc3+ 64. Kh4 Qf6+ 65. Kh3 Kc5 66. Qg6 Qc3+ 67. Kh4 Qe1+ 68. Kg5 Qg3+ 69. Kh6 Qxg6+ 70. hxg6 f3 71. g7 f2 72. g8Q f1Q 73. Qc8+ Kb4 74. Qc6 Qh3+ 75. Kg6 Qxb3 76. Qxb6+ Kxa4 77. Qd4+ Kb5 78. Kf7 a4 79. Ke6 a3 80. Qh8 d4+ 81. Ke5 a2 82. Qb8+ Kc4 83. Qg8+ Kb4 84. Qb8+ Kc3 85. Qc8+ Kb2 0-1

[Event "Bohumin op 4th"]
[Site "Bohumin"]
[Date "2021.07.06"]
[Round "4"]
[White "Tomanec, Samuel"]
[Black "Horvath, Tomas"]
[Result "0-1"]
[WhiteElo "1395"]
[BlackElo "2041"]
[PlyCount "26"]
[EventDate "2021.07.03"]
[EventType "swiss"]
[EventRounds "9"]
[EventCountry "CZE"]
[SourceTitle "CBM 203 Extra"]
[Source "ChessBase"]
[SourceDate "2021.09.30"]
[SourceVersion "1"]
[SourceVersionDate "2021.09.30"]
[SourceQuality "1"]

1. e4 e5 2. Nf3 Nc6 3. c3 Nf6 4. d4 Nxe4 5. d5 Ne7 6. Nxe5 Ng6 7. Nxg6 hxg6 8. Bc4 Bc5 9. Qe2 Bxf2+ 10. Kf1 Qe7 11. Nd2 Nxd2+ 12. Kxf2 Qxe2+ 13. Kxe2 Nxc4 0-1

[Event "CZE-ch Betsys Online Blitz"]
[Site "Chess.com INT"]
[Date "2021.04.17"]
[Round "9"]
[White "Horvath, Tomas"]
[Black "Eret, Matous"]
[Result "0-1"]
[WhiteElo "2041"]
[BlackElo "2255"]
[PlyCount "78"]
[EventDate "2021.04.17"]
[EventType "swiss (blitz)"]
[EventRounds "13"]
[EventCountry "CZE"]
[SourceTitle "CBM 201 Extra"]
[Source "ChessBase"]
[SourceDate "2021.05.31"]
[SourceVersion "1"]
[SourceVersionDate "2021.05.31"]
[SourceQuality "1"]

1. Nf3 Nf6 2. c4 d6 3. Nc3 Nbd7 4. d4 e5 5. e4 Be7 6. Be2 0-0 7. 0-0 a5 8. Bg5 h6 9. Bh4 c6 10. Bg3 Nh5 11. Qd2 Nxg3 12. fxg3 Qc7 13. Rad1 a4 14. Kh1 exd4 15. Qxd4 Ne5 16. Nxe5 dxe5 17. Qe3 Be6 18. h3 Qa5 19. Nb1 Rad8 20. Qc3 Bb4 21. Qf3 Qb6 22. Nc3 a3 23. bxa3 Bxa3 24. Rb1 Qa7 25. Rb3 Bc5 26. Rfb1 Rd7 27. a4 Rfd8 28. g4 Bd4 29. h4 Qc5 30. Rxb7 Qe7 31. Rxd7 Qxh4+ 32. Qh3 Qxh3+ 33. gxh3 Rxd7 34. Rb8+ Kh7 35. Nd1 Ra7 36. Rb4 c5 37. Rb3 Rxa4 38. Kg2 Bxc4 39. Kf3 Bxb3 0-1

[Event "Ustron op-B"]
[Site "Ustron"]
[Date "2020.08.15"]
[Round "3"]
[White "Mirski, Michal"]
[Black "Horvath, Tomas"]
[Result "1-0"]
[WhiteElo "1978"]
[BlackElo "2056"]
[PlyCount "57"]
[EventDate "2020.08.15"]
[EventType "swiss"]
[EventRounds "9"]
[EventCountry "POL"]
[SourceTitle "EXT 2021"]
[Source "ChessBase"]
[SourceDate "2020.10.23"]
[SourceVersion "1"]
[SourceVersionDate "2020.10.23"]
[SourceQuality "1"]

1. e4 e6 2. d4 d5 3. Bd3 dxe4 4. Bxe4 Nf6 5. Bf3 Nbd7 6. Ne2 e5 7. Nbc3 Bd6 8. 0-0 0-0 9. Bg5 exd4 10. Nxd4 Ne5 11. Re1 h6 12. Bh4 Nxf3+ 13. Nxf3 Bf5 14. Nb5 Be7 15. Qe2 Re8 16. Qe5 c6 17. Nc7 Bd6 18. Qxe8+ Qxe8 19. Nxe8 Nxe8 20. Rad1 g5 21. Bg3 Bxg3 22. hxg3 Bxc2 23. Rd7 b5 24. Nd4 Bg6 25. Nxc6 Nf6 26. Rxa7 Rxa7 27. Nxa7 b4 28. Nc6 Nd5 29. Rd1 1-0

[Event "Bohumin op 3rd"]
[Site "Bohumin"]
[Date "2020.07.25"]
[Round "8"]
[White "Petrov, Nikolaj"]
[Black "Horvath, Tomas"]
[Result "0-1"]
[WhiteElo "1743"]
[BlackElo "2039"]
[PlyCount "76"]
[EventDate "2020.07.18"]
[EventType "swiss"]
[EventRounds "9"]
[EventCountry "CZE"]
[SourceTitle "CBM 197 Extra"]
[Source "ChessBase"]
[SourceDate "2020.09.30"]
[SourceVersion "1"]
[SourceVersionDate "2020.09.30"]
[SourceQuality "1"]

1. Nf3 Nf6 2. c4 b6 3. Nc3 Bb7 4. g3 g6 5. Bg2 Bg7 6. 0-0 0-0 7. d4 d6 8. Re1 Nbd7 9. e4 e5 10. d5 a5 11. Bg5 Nc5 12. Qc2 h6 13. Be3 Ng4 14. Bxc5 bxc5 15. h3 Nf6 16. Qa4 Bc8 17. Nd2 Bd7 18. Qc2 Nh5 19. Nf3 f5 20. Nh4 f4 21. Nxg6 Rf6 22. Qd1 fxg3 23. f4 Nxf4 24. Nxf4 Rxf4 25. Ne2 Rh4 26. Nxg3 Bxh3 27. Bxh3 Rxh3 28. Kg2 Qh4 29. Qd3 Rh2+ 30. Kg1 Qh3 31. Re2 Rxe2 32. Qxe2 Qxg3+ 33. Kh1 Rf8 34. Rg1 Qh3+ 35. Qh2 Qxh2+ 36. Kxh2 Rf2+ 37. Rg2 Rxg2+ 38. Kxg2 Kf7 0-1

[Event "Bohumin op 3rd"]
[Site "Bohumin"]
[Date "2020.07.24"]
[Round "7"]
[White "Horvath, Tomas"]
[Black "Czerw, Dawid"]
[Result "1/2-1/2"]
[WhiteElo "2039"]
[BlackElo "2287"]
[PlyCount "100"]
[EventDate "2020.07.18"]
[EventType "swiss"]
[EventRounds "9"]
[EventCountry "CZE"]
[SourceTitle "CBM 197 Extra"]
[Source "ChessBase"]
[SourceDate "2020.09.30"]
[SourceVersion "1"]
[SourceVersionDate "2020.09.30"]
[SourceQuality "1"]

1. e4 c5 2. Nf3 Nc6 3. d4 cxd4 4. Nxd4 g6 5. c4 Nf6 6. Nc3 d6 7. Be2 Bg7 8. Be3 0-0 9. h3 Bd7 10. 0-0 Nxd4 11. Bxd4 Bc6 12. Bf3 Nd7 13. Rc1 a5 14. Be3 a4 15. Qd2 Nc5 16. Rfd1 Qa5 17. Nd5 Bxd5 18. cxd5 Qxd2 19. Rxd2 a3 20. bxa3 b6 21. Rb1 Rfb8 22. Rc2 Rxa3 23. Bxc5 dxc5 24. Rxc5 Rxa2 25. Rc4 Be5 26. Rcb4 Bd6 27. R4b2 Rxb2 28. Rxb2 b5 29. Be2 b4 30. g3 Be5 31. Rb3 Bc3 32. Kg2 Ra8 33. Bc4 Ra1 34. Kf3 Re1 35. Be2 g5 36. e5 Kf8 37. Ke3 Ke8 38. f4 gxf4+ 39. gxf4 h6 40. Kf2 Rh1 41. Bg4 Kd8 42. Ke3 Kc7 43. Bf5 Re1+ 44. Kf3 Rf1+ 45. Ke3 Rd1 46. Be4 Kb6 47. Rb1 Rd2 48. Rg1 b3 49. Rg8 b2 50. Rc8 Ba5 1/2-1/2

[Event "CZE-chT2F 1920"]
[Site "Czech Republic"]
[Date "2020.02.23"]
[Round "9.4"]
[White "Horvath, Tomas"]
[Black "Vitak, Pavel"]
[Result "1/2-1/2"]
[WhiteElo "2037"]
[BlackElo "2225"]
[PlyCount "111"]
[EventDate "2019.10.13"]
[EventType "team-tourn"]
[EventRounds "11"]
[EventCountry "CZE"]
[SourceTitle "EXT 2024"]
[Source "ChessBase"]
[SourceDate "2023.10.10"]
[SourceVersion "1"]
[SourceVersionDate "2023.10.10"]
[SourceQuality "1"]
[WhiteTeam "Orlova Slavia II"]
[BlackTeam "Grygov Proclient"]
[WhiteTeamCountry "CZE"]
[BlackTeamCountry "CZE"]

1. e4 c5 2. Nf3 e6 3. d4 cxd4 4. Nxd4 a6 5. c4 Qc7 6. Bd3 Nc6 7. Nxc6 dxc6 8. 0-0 e5 9. Nc3 Bc5 10. Na4 Bd4 11. c5 Be6 12. Qc2 Nf6 13. Bd2 0-0 14. Nb6 Rab8 15. Rad1 Qe7 16. b4 Bg4 17. Rc1 Nh5 18. Be3 Rbd8 19. Nc4 Nf4 20. Nd6 Qg5 21. Bxf4 exf4 22. Kh1 f3 23. g3 Rd7 24. Rfd1 Be5 25. Nc4 Rfd8 26. Bf1 h5 27. Rxd7 Rxd7 28. h4 Qe7 29. Rd1 Bc7 30. Rxd7 Qxd7 31. Qd3 Kf8 32. Qxd7 Bxd7 33. Nd2 Bg4 34. a4 Be5 35. b5 axb5 36. axb5 Bd4 37. Kg1 Bxc5 38. bxc6 bxc6 39. Bd3 Bb4 40. Nc4 Bc3 41. Bc2 Ke7 42. Bd1 f6 43. Kf1 Kd7 44. Kg1 Kc7 45. Kf1 Kb7 46. Nd6+ Kb6 47. Ne8 g6 48. Bb3 Kc5 49. Bf7 f5 50. Bxg6 fxe4 51. Bxe4 Be5 52. Ke1 Bc3+ 53. Kd1 Bd4 54. Ke1 Bc3+ 55. Kd1 Bd4 56. Ke1 1/2-1/2

[Event "CZE-chT2F 1920"]
[Site "Czech Republic"]
[Date "2019.10.13"]
[Round "1.4"]
[White "Pilch, Roman"]
[Black "Horvath, Tomas"]
[Result "1/2-1/2"]
[WhiteElo "2121"]
[BlackElo "2039"]
[PlyCount "63"]
[EventDate "2019.10.13"]
[EventType "team-tourn"]
[EventRounds "11"]
[EventCountry "CZE"]
[SourceTitle "EXT 2024"]
[Source "ChessBase"]
[SourceDate "2023.10.10"]
[SourceVersion "1"]
[SourceVersionDate "2023.10.10"]
[SourceQuality "1"]
[WhiteTeam "Trinec II"]
[BlackTeam "Orlova Slavia II"]
[WhiteTeamCountry "CZE"]
[BlackTeamCountry "CZE"]

1. Nf3 Nf6 2. c4 e6 3. Nc3 d5 4. d4 Bb4 5. Qa4+ Nc6 6. e3 0-0 7. Bd3 Qe7 8. 0-0 Bd7 9. Qc2 dxc4 10. Bxc4 e5 11. a3 Bd6 12. Ng5 g6 13. Rd1 Bf5 14. Bd3 Bxd3 15. Qxd3 exd4 16. exd4 Rad8 17. Qh3 h5 18. Nf3 Qd7 19. Qh4 Be7 20. Bg5 Nh7 21. Bxe7 Qxe7 22. Qf4 Qd6 23. Qxd6 Rxd6 24. Nb5 Rd7 25. d5 Ne7 26. Nxc7 Rxc7 27. d6 Rc2 28. dxe7 Re8 29. Rd8 Nf6 30. Kf1 Kg7 31. b4 Rxe7 32. Rd2 1/2-1/2